Native Country names - Statistics

General Stats
  • This quiz has been taken 23 times
  • The average score is 21 of 25
Answer Stats
Native Country % Correct
3) Deutschland Germany
100%
23) नेपाल (Nēpāla) Nepal
100%
4) Nederland Netherlands
100%
6) Polska Poland
100%
2) España Spain
100%
25) Türkiye Turkey
100%
14) Yīsraʾel Israel
95%
9) Norge Norway
95%
17) O'zbekiston Uzbekistan
95%
1) Suomi Finland
91%
22) Lietuva Lithuania
91%
8) россия Russia
91%
12) Ελλάδα Greece
86%
5) Sverige Sweden
86%
11) Magyarország Hungary
82%
16) қазақстан Kazakhstan
82%
7) Україна Ukraine
82%
18) Aotearoa New Zealand
77%
15) កម្ពុជា (Kâmpŭchéa) Cambodia
73%
10) Hrvatska Croatia
73%
21) Кыргызстан Kyrgyzstan
68%
20) Eesti Estonia
64%
24) საქართველო (Sakartvelo) Georgia
64%
19) Монгол Mongolia
59%
13) србија Serbia
55%
No matching quizzes found
Score Distribution
Percent of People with Each Score
Percentile by Number Answered
Your Score History
You have not taken this quiz